Specifications and code numbers for individual commodities, 1947-1951. (Record no. 36815)

MARC details
000 -LEADER
fixed length control field 00885cam a22002531 4500
001 - CONTROL NUMBER
control field l 53000160
003 - CONTROL NUMBER IDENTIFIER
control field DLC
005 - DATE AND TIME OF LATEST TRANSACTION
control field 20260227111543.0
008 - FIXED-LENGTH DATA ELEMENTS--GENERAL INFORMATION
fixed length control field 800418s1952 dcu f000 0 eng c
010 ## - LIBRARY OF CONGRESS CONTROL NUMBER
LC control number l 53000160
035 ## - SYSTEM CONTROL NUMBER
System control number (OCoLC)6217022
040 ## - CATALOGING SOURCE
Original cataloging agency U.S. Dept. of Labor. Library
Transcribing agency OCl
Modifying agency DLC
042 ## - AUTHENTICATION CODE
Authentication code premarc
050 00 - LIBRARY OF CONGRESS CALL NUMBER
Classification number HB235.U6
Item number A535
082 ## - DEWEY DECIMAL CLASSIFICATION NUMBER
Classification number 338.52
110 1# - MAIN ENTRY--CORPORATE NAME
Corporate name or jurisdiction name as entry element United States.
Subordinate unit Bureau of Labor Statistics.
245 10 - TITLE STATEMENT
Title Specifications and code numbers for individual commodities, 1947-1951.
Statement of responsibility, etc. [Prepared by Division of Prices and Cost of Living.
260 ## - PUBLICATION, DISTRIBUTION, ETC.
Place of publication, distribution, etc. [Washington]
Date of publication, distribution, etc. 1952.
300 ## - PHYSICAL DESCRIPTION
Extent 1 v. (various pagings)
Dimensions 27 cm.
500 ## - GENERAL NOTE
General note Cover title.
500 ## - GENERAL NOTE
General note At head of title: Wholesale price index (1947-49=100)
500 ## - GENERAL NOTE
General note Kept up to date by supplements.
610 10 - SUBJECT ADDED ENTRY--CORPORATE NAME
Corporate name or jurisdiction name as entry element United States.
Subordinate unit Bureau of Labor Statistics.
Title of a work Wholesale price index.

No items available.

Powered by Koha